000 00578nam a2200181Ia 4500
008 100920s9999 xx 000 0 und d
082 _b57305
_a891.464 थ 91
100 _aरानडे जयंत.
245 _aराज करेगा खालसा .
260 _bविनी पब्लिकेशन.
_c1991
300 _a148
_bसाधी
365 _b55
520 _aनिबंध.
630 _aराज करेगा खालसा .
650 _aनिबंध.
730 _aराज करेगा खालसा .
942 _cBOOK
999 _c701196
_d701193